000 00451cam a2200145 4500500
005 20251012043328.0
041 _afre
042 _adc
100 1 0 _aPiron, Sylvain
_eauthor
245 0 0 _aÉditorial
260 _c2025.
500 _a11
786 0 _nLe présent de la psychanalyse | 14 | 2 | 2025-09-08 | p. 7-10 | 2677-7924
856 4 1 _uhttps://shs.cairn.info/revue-le-present-de-la-psychanalyse-2025-2-page-7?lang=fr&redirect-ssocas=7080
999 _c1549009
_d1549009